[Event "Titled Tuesday intern op 01st Apr Early"]
[Site "Chess.com INT"]
[Date "2025.04.01"]
[Round "5"]
[White "Brancaleoni, Maurizio"]
[Black "Gottstein, Claudius Thomas"]
[Result "1-0"]
[WhiteElo "2180"]
[BlackElo "2113"]
[PlyCount "33"]
[EventDate "2025.04.01"]
[EventType "swiss (blitz)"]
[EventRounds "11"]
[EventCountry "USA"]
[SourceTitle "CB15_2025"]
[SourceDate "2025.04.09"]
[SourceVersion "1"]
[SourceVersionDate "2025.04.09"]
[SourceQuality "1"]

1. Nf3 g6 2. e4 Bg7 3. d4 c5 4. dxc5 Qa5+ 5. c3 Qxc5 6. Na3 d6 7. Be3 Qc7 8. Nb5 Qd7 9. Nxa7 Nc6 10. Bb5 Nf6 11. e5 dxe5 12. Nxe5 Qxd1+ 13. Rxd1 Bd7 14. Nxd7 Nxd7 15. Nxc6 bxc6 16. Bxc6 Rd8 17. Bb6 1-0

[Event "Titled Tuesday intern op 01st Apr Early"]
[Site "Chess.com INT"]
[Date "2025.04.01"]
[Round "6"]
[White "Escartin Lacasa, Jose"]
[Black "Gottstein, Claudius Thomas"]
[Result "1/2-1/2"]
[WhiteElo "2302"]
[BlackElo "2113"]
[PlyCount "112"]
[EventDate "2025.04.01"]
[EventType "swiss (blitz)"]
[EventRounds "11"]
[EventCountry "USA"]
[SourceTitle "CB15_2025"]
[SourceDate "2025.04.09"]
[SourceVersion "1"]
[SourceVersionDate "2025.04.09"]
[SourceQuality "1"]

1. f4 g6 2. Nf3 Bg7 3. g3 d6 4. Bg2 c6 5. 0-0 Nf6 6. d3 0-0 7. Nc3 Qb6+ 8. Kh1 Ng4 9. Qe1 Ne3 10. Na4 Nxg2 11. Kxg2 Qc7 12. e4 b5 13. Nc3 Bb7 14. Kg1 Nd7 15. Be3 b4 16. Na4 c5 17. Rd1 Nb6 18. Nxb6 axb6 19. c3 bxc3 20. bxc3 Rxa2 21. Rf2 Rfa8 22. Rxa2 Rxa2 23. Ra1 Rxa1 24. Qxa1 b5 25. Qb1 Bxc3 26. Qxb5 Bc6 27. Qb3 Bg7 28. Bd2 Qb7 29. Qxb7 Bxb7 30. Kf2 Ba6 31. Ke3 e6 32. d4 cxd4+ 33. Nxd4 Bxd4+ 34. Kxd4 Bb7 35. Bb4 d5 36. exd5 Bxd5 37. Ke5 Kg7 38. Be7 h5 39. h4 Bb3 40. Bf6+ Kf8 41. Kd6 Ke8 42. Bg5 Bc2 43. Bf6 Bf5 44. Be5 Bg4 45. Bb2 Bf5 46. Ke5 Bg4 47. Kf6 Bf5 48. Be5 Bg4 49. Ba1 Bh3 50. Kg7 Bg4 51. Be5 Bh3 52. Kf6 Bg4 53. Bd6 Bh3 54. Ba3 Bg4 55. Bb2 Bh3 56. Be5 Bg4 1/2-1/2

[Event "Titled Tuesday intern op 01st Apr Early"]
[Site "Chess.com INT"]
[Date "2025.04.01"]
[Round "3"]
[White "Gottstein, Claudius Thomas"]
[Black "Azamikia, Mehran"]
[Result "1-0"]
[WhiteElo "2113"]
[BlackElo "2130"]
[PlyCount "49"]
[EventDate "2025.04.01"]
[EventType "swiss (blitz)"]
[EventRounds "11"]
[EventCountry "USA"]
[SourceTitle "CB15_2025"]
[SourceDate "2025.04.09"]
[SourceVersion "1"]
[SourceVersionDate "2025.04.09"]
[SourceQuality "1"]

1. e4 e5 2. Nc3 Nf6 3. f4 d5 4. fxe5 Nxe4 5. Nf3 Be7 6. Qe2 Nxc3 7. dxc3 0-0 8. Bf4 Be6 9. 0-0-0 Nd7 10. Nd4 Nc5 11. Nxe6 Nxe6 12. Bd2 c6 13. Qg4 b5 14. Bd3 a5 15. Rdf1 b4 16. cxb4 axb4 17. h4 Rxa2 18. Kd1 Rxb2 19. h5 c5 20. Qf5 Rb1+ 21. Bc1 g6 22. hxg6 Bg5 23. gxf7+ Rxf7 24. Qxf7+ Kh8 25. Qxh7# 1-0

[Event "Titled Tuesday intern op 01st Apr Early"]
[Site "Chess.com INT"]
[Date "2025.04.01"]
[Round "11"]
[White "Huynh, Lam Binh Nguyen"]
[Black "Gottstein, Claudius Thomas"]
[Result "1-0"]
[WhiteElo "2027"]
[BlackElo "2113"]
[PlyCount "53"]
[EventDate "2025.04.01"]
[EventType "swiss (blitz)"]
[EventRounds "11"]
[EventCountry "USA"]
[SourceTitle "CB15_2025"]
[SourceDate "2025.04.09"]
[SourceVersion "1"]
[SourceVersionDate "2025.04.09"]
[SourceQuality "1"]

1. d4 d5 2. Bf4 Bf5 3. c4 e6 4. Qb3 Nc6 5. e3 Bd6 6. cxd5 exd5 7. Qxb7 Nb4 8. Bb5+ Ke7 9. Nc3 Rb8 10. Bxd6+ Kxd6 11. Qxa7 Nc2+ 12. Kd2 Nxa1 13. Nf3 Rb6 14. Ne5 Nh6 15. e4 Qg5+ 16. Ke2 Bxe4 17. Nxe4+ dxe4 18. Qa3+ Ke6 19. Bc4+ Kf6 20. Rxa1 Qxg2 21. Bb3 Re8 22. Qc5 Rbe6 23. Bxe6 Rxe6 24. Rf1 Rxe5 25. Qxe5+ Kg6 26. Qg3+ Qxg3 27. fxg3 1-0

[Event "Titled Tuesday intern op 01st Apr Early"]
[Site "Chess.com INT"]
[Date "2025.04.01"]
[Round "1"]
[White "Southcott Moyers, Indy"]
[Black "Gottstein, Claudius Thomas"]
[Result "1-0"]
[WhiteElo "2227"]
[BlackElo "2113"]
[PlyCount "125"]
[EventDate "2025.04.01"]
[EventType "swiss (blitz)"]
[EventRounds "11"]
[EventCountry "USA"]
[SourceTitle "CB15_2025"]
[SourceDate "2025.04.09"]
[SourceVersion "1"]
[SourceVersionDate "2025.04.09"]
[SourceQuality "1"]

1. Nf3 d5 2. c4 c6 3. e3 Nf6 4. b3 Bf5 5. Bb2 e6 6. Be2 Nbd7 7. 0-0 Be7 8. Nh4 Bg6 9. Nxg6 hxg6 10. Nc3 0-0 11. d4 Re8 12. Qc2 Bd6 13. e4 dxe4 14. Nxe4 Nxe4 15. Qxe4 Nf6 16. Qc2 Qa5 17. Bf3 Qf5 18. Qxf5 gxf5 19. d5 cxd5 20. Bxf6 gxf6 21. cxd5 e5 22. Rac1 e4 23. Be2 Rec8 24. Bb5 Kf8 25. Bd7 Rxc1 26. Rxc1 f4 27. Bc8 Rb8 28. Kf1 Ke7 29. Ke2 Ba3 30. Rc4 Kd6 31. Bf5 e3 32. fxe3 fxe3 33. Kxe3 Bc5+ 34. Kf3 Kxd5 35. Be4+ Kd6 36. Rc1 b6 37. Rd1+ Ke7 38. h4 Rh8 39. g3 Ke6 40. Bd5+ Ke7 41. Bc4 Bd6 42. Re1+ Be5 43. Rh1 f5 44. h5 Rg8 45. Rh3 Rh8 46. g4 fxg4+ 47. Kxg4 Bg7 48. Rf3 f6 49. Re3+ Kd7 50. Bf7 Bh6 51. Re2 Bg5 52. Kf5 Rf8 53. Kg6 Rh8 54. Kg7 Rh6 55. Bg6 Kd6 56. Rg2 Bf4 57. Rg4 Be3 58. Re4 Bg5 59. Rd4+ Kc5 60. Rd7 a5 61. Bf7 Kb4 62. a4 Bf4 63. Rd4+ 1-0

[Event "Titled Tuesday intern op 04th Mar Early"]
[Site "Chess.com INT"]
[Date "2025.03.04"]
[Round "11"]
[White "Alfaya Marcelo, Roberto"]
[Black "Gottstein, Claudius Thomas"]
[Result "1-0"]
[WhiteElo "2249"]
[BlackElo "2113"]
[PlyCount "125"]
[EventDate "2025.03.04"]
[EventType "swiss (blitz)"]
[EventRounds "11"]
[EventCountry "USA"]
[SourceTitle "CB11_2025"]
[SourceDate "2025.03.12"]
[SourceVersion "1"]
[SourceVersionDate "2025.03.12"]
[SourceQuality "1"]

1. Nf3 d5 2. e3 c6 3. c4 Nf6 4. Nc3 a6 5. d4 Bf5 6. cxd5 cxd5 7. Be2 e6 8. 0-0 Bd6 9. Qb3 b5 10. a4 b4 11. Na2 a5 12. Bb5+ Nbd7 13. h3 Rc8 14. Qd1 0-0 15. Bd2 Ne4 16. Nc1 Nb6 17. Nb3 Nc4 18. Bc1 Qb6 19. Nh4 Bg6 20. Nxg6 hxg6 21. Rb1 Be7 22. Qe2 Ned6 23. Bxc4 Nxc4 24. Nd2 Qc6 25. b3 Nxd2 26. Bxd2 Qb6 27. Rfc1 Qb7 28. Qd1 Rxc1 29. Rxc1 Rc8 30. Rc2 Bd6 31. Qc1 Rc7 32. f3 Qc8 33. Rxc7 Qxc7 34. Qxc7 Bxc7 35. Kf2 f5 36. e4 Kf7 37. Bg5 Bb6 38. Ke3 Ke8 39. exd5 exd5 40. Bf4 Kd7 41. Be5 Ke6 42. Bxg7 Kf7 43. Be5 Ke6 44. Kf4 Bd8 45. Ke3 Bg5+ 46. Bf4 Bd8 47. Be5 Bg5+ 48. Kf2 Kd7 49. g4 fxg4 50. hxg4 Bd2 51. Kg3 g5 52. f4 gxf4+ 53. Bxf4 Bc3 54. Be3 Ke6 55. Kf4 Be1 56. g5 Bh4 57. Kg4 Be1 58. Bf4 Bc3 59. Be5 Bd2 60. Kh5 Kf7 61. g6+ Kg8 62. Kg4 Be3 63. Kf5 1-0

[Event "Titled Tuesday intern op 04th Mar Early"]
[Site "Chess.com INT"]
[Date "2025.03.04"]
[Round "7"]
[White "Gottstein, Claudius Thomas"]
[Black "Shevchenko, Yaroslav"]
[Result "0-1"]
[WhiteElo "2113"]
[BlackElo "2092"]
[PlyCount "86"]
[EventDate "2025.03.04"]
[EventType "swiss (blitz)"]
[EventRounds "11"]
[EventCountry "USA"]
[SourceTitle "CB11_2025"]
[SourceDate "2025.03.12"]
[SourceVersion "1"]
[SourceVersionDate "2025.03.12"]
[SourceQuality "1"]

1. e4 c5 2. Nf3 e6 3. g3 Nc6 4. Bg2 Nf6 5. Qe2 d5 6. exd5 Nxd5 7. 0-0 Be7 8. Rd1 Bf6 9. Nc3 0-0 10. Ne4 Be7 11. c3 f5 12. d4 fxe4 13. Qxe4 cxd4 14. Nxd4 Nxd4 15. Rxd4 Qb6 16. c4 Bf6 17. Rd1 Ne7 18. Rb1 e5 19. Qe2 Bf5 20. Be3 Qa6 21. Ra1 Rad8 22. b3 Nc6 23. Bc5 Nd4 24. Qh5 Bg6 25. Qg4 Rfe8 26. Bd5+ Bf7 27. Be4 Qe6 28. Qxe6 Bxe6 29. Bxb7 Bg4 30. Bd5+ Rxd5 31. cxd5 Bxd1 32. Rxd1 a6 33. f4 Ne2+ 34. Kf2 exf4 35. d6 Nc3 36. Rd3 Ne4+ 37. Kf3 Nxc5 38. d7 Rd8 39. Kxf4 Rxd7 40. Re3 Nd3+ 41. Kf5 Kf7 42. g4 Rd4 43. g5 g6# 0-1

[Event "Titled Tuesday intern op 25th Feb Early"]
[Site "Chess.com INT"]
[Date "2025.02.25"]
[Round "9"]
[White "Goldin, Roman"]
[Black "Gottstein, Claudius Thomas"]
[Result "1-0"]
[WhiteElo "2283"]
[BlackElo "2113"]
[PlyCount "29"]
[EventDate "2025.02.25"]
[EventType "swiss (blitz)"]
[EventRounds "11"]
[EventCountry "USA"]
[SourceTitle "CB10_2025"]
[SourceDate "2025.03.05"]
[SourceVersion "1"]
[SourceVersionDate "2025.03.05"]
[SourceQuality "1"]

1. e4 Nf6 2. Nc3 d5 3. exd5 Nxd5 4. Nf3 Nc6 5. g3 Bg4 6. Bg2 Nd4 7. h3 Bxf3 8. Bxf3 Nxc3 9. bxc3 Nxf3+ 10. Qxf3 c6 11. Rb1 Qd7 12. 0-0 g6 13. Re1 Bg7 14. Ba3 Bf6 15. Qxf6 1-0

[Event "Titled Tuesday intern op 25th Feb Early"]
[Site "Chess.com INT"]
[Date "2025.02.25"]
[Round "3"]
[White "Gottstein, Claudius Thomas"]
[Black "Ingebretsen, Jens E"]
[Result "1-0"]
[WhiteElo "2113"]
[BlackElo "2417"]
[PlyCount "213"]
[EventDate "2025.02.25"]
[EventType "swiss (blitz)"]
[EventRounds "11"]
[EventCountry "USA"]
[SourceTitle "CB10_2025"]
[SourceDate "2025.03.05"]
[SourceVersion "1"]
[SourceVersionDate "2025.03.05"]
[SourceQuality "1"]

1. e4 e5 2. Nc3 c6 3. f4 d5 4. d4 exf4 5. Bxf4 dxe4 6. Nxe4 Nf6 7. Qe2 Be6 8. Nf3 Nxe4 9. Qxe4 Bd6 10. Bxd6 Qxd6 11. Bc4 0-0 12. Bxe6 Re8 13. Bxf7+ Kxf7 14. Ne5+ Kg8 15. 0-0 Nd7 16. Rae1 Nxe5 17. dxe5 Qe6 18. b3 Rad8 19. Rd1 Rxd1 20. Rxd1 Qxe5 21. Qxe5 Rxe5 22. Rd7 Rb5 23. c4 Rb4 24. Kf2 a5 25. Ke2 b5 26. cxb5 cxb5 27. Rb7 a4 28. bxa4 Rxa4 29. Rxb5 Rxa2+ 30. Kf3 Kf7 31. Rb6 h6 32. h3 Ra3+ 33. Kf2 Ra2+ 34. Kf3 Kg8 35. h4 Kh7 36. h5 Ra3+ 37. Kf4 Ra4+ 38. Kf3 Ra5 39. g4 Rg5 40. Kg3 Rd5 41. Kh4 Kg8 42. Rb7 Kf8 43. Kg3 Rd4 44. Rc7 Rd3+ 45. Kf4 Rb3 46. Kf5 Rb5+ 47. Kf4 Rb4+ 48. Kf5 Kg8 49. Ra7 Kh7 50. Rc7 Ra4 51. Rb7 Rc4 52. Rd7 Rc6 53. Rd5 Kg8 54. Rd7 Kf8 55. Rb7 Ra6 56. Rc7 Ra5+ 57. Kf4 Rb5 58. Kg3 Kg8 59. Kf4 Rb8 60. Rd7 Kf8 61. Rc7 Rb4+ 62. Kf5 Rb5+ 63. Kf4 Rg5 64. Rd7 Ke8 65. Ra7 Kd8 66. Rb7 Kc8 67. Rf7 Kb8 68. Re7 Kc8 69. Rf7 Kd8 70. Ra7 Ke8 71. Rb7 Kf8 72. Ra7 g6 73. hxg6 Rxg6 74. Kf5 Rb6 75. Rc7 Kg8 76. Kf4 Rb5 77. Kg3 Rg5 78. Kh4 Ra5 79. Rd7 Ra1 80. Kh5 Rh1+ 81. Kg6 Kf8 82. Rf7+ Ke8 83. Rh7 Rh4 84. Rxh6 Rxg4+ 85. Kh7 Kf7 86. Rh1 Rf4 87. Rh2 Rf1 88. Rh3 Rf2 89. Rh1 Rf3 90. Rh6 Rf1 91. Rh5 Kf6 92. Rh6+ Kg5 93. Rg6+ Kf5 94. Rb6 Rg1 95. Kh6 Rg2 96. Kh7 Ke5 97. Rc6 Kd5 98. Ra6 Rg4 99. Rg6 Re4 100. Rh6 Ke5 101. Ra6 Kf4 102. Kg6 Kg4 103. Rb6 Ra4 104. Rc6 Kf4 105. Rb6 Rb4 106. Rxb4+ Ke5 107. Rb5+ 1-0

[Event "Titled Tuesday intern op 11th Feb Early"]
[Site "Chess.com INT"]
[Date "2025.02.11"]
[Round "2"]
[White "Eilers, Stefan"]
[Black "Gottstein, Claudius Thomas"]
[Result "1-0"]
[WhiteElo "2280"]
[BlackElo "2113"]
[PlyCount "53"]
[EventDate "2025.02.11"]
[EventType "swiss (blitz)"]
[EventRounds "11"]
[EventCountry "USA"]
[SourceTitle "CB09_2025"]
[SourceDate "2025.02.27"]
[SourceVersion "1"]
[SourceVersionDate "2025.02.27"]
[SourceQuality "1"]

1. d4 d5 2. Nf3 Bf5 3. c4 e6 4. Qb3 Nc6 5. Bd2 Rb8 6. Nc3 Nf6 7. e3 Be7 8. cxd5 exd5 9. Bb5 0-0 10. Nh4 Be6 11. Nf3 Bf5 12. 0-0 Na5 13. Qd1 c6 14. Be2 b5 15. Ne5 Qb6 16. b3 Nb7 17. g4 Be6 18. Rc1 Nd7 19. Nd3 Nd6 20. Nf4 Nf6 21. h3 Nfe4 22. Bf3 Nxd2 23. Qxd2 Bd7 24. Bg2 f5 25. Qe2 fxg4 26. hxg4 Rbe8 27. Nd3 1-0

[Event "Titled Tuesday intern op 04th Feb Early"]
[Site "Chess.com INT"]
[Date "2025.02.04"]
[Round "6"]
[White "Gottstein, Claudius Thomas"]
[Black "Dinev, Dejan"]
[Result "0-1"]
[WhiteElo "2113"]
[BlackElo "2209"]
[PlyCount "58"]
[EventDate "2025.02.04"]
[EventType "swiss (blitz)"]
[EventRounds "11"]
[EventCountry "USA"]
[SourceTitle "CB07_2025"]
[SourceDate "2025.02.12"]
[SourceVersion "1"]
[SourceVersionDate "2025.02.12"]
[SourceQuality "1"]

1. e4 e5 2. Nc3 Nc6 3. f4 d6 4. Bb5 Bd7 5. Nf3 exf4 6. d4 g5 7. Bxc6 bxc6 8. 0-0 h6 9. d5 Nf6 10. e5 dxe5 11. Nxe5 Bc5+ 12. Kh1 cxd5 13. Nxd5 Bd6 14. Re1 Be6 15. Nc6 Nxd5 16. Nxd8 Kxd8 17. c4 c6 18. cxd5 Bxd5 19. Bd2 f3 20. gxf3 g4 21. Kg1 gxf3 22. Kf2 Rg8 23. Rg1 Kd7 24. Be3 Bxh2 25. Rxg8 Rxg8 26. Qd4 Rg2+ 27. Kf1 h5 28. Qxa7+ Ke6 29. Qd4 Rg4 0-1

[Event "Titled Tuesday intern op 04th Feb Early"]
[Site "Chess.com INT"]
[Date "2025.02.04"]
[Round "3"]
[White "Gottstein, Claudius Thomas"]
[Black "Lach, Aleksandra"]
[Result "0-1"]
[WhiteElo "2113"]
[BlackElo "2205"]
[PlyCount "70"]
[EventDate "2025.02.04"]
[EventType "swiss (blitz)"]
[EventRounds "11"]
[EventCountry "USA"]
[SourceTitle "CB07_2025"]
[SourceDate "2025.02.12"]
[SourceVersion "1"]
[SourceVersionDate "2025.02.12"]
[SourceQuality "1"]

1. e4 c5 2. Nf3 a6 3. c3 d5 4. exd5 Qxd5 5. d4 Nc6 6. Be3 Bg4 7. Be2 cxd4 8. cxd4 e6 9. 0-0 Bb4 10. a3 Ba5 11. b4 Bc7 12. Nc3 Qd6 13. Ne4 Qd5 14. Nc3 Qd6 15. Ne4 Qd8 16. Nc5 Nge7 17. Nxb7 Qb8 18. Nc5 Bxf3 19. Bxf3 Bxh2+ 20. Kh1 Bd6 21. g3 Ra7 22. Ne4 Rd7 23. Nxd6+ Qxd6 24. Rc1 Nxd4 25. Bxd4 Qxd4 26. Bc6 Nxc6 27. Qxd4 Nxd4 28. Rfd1 Ke7 29. Kg2 Rhd8 30. Rc5 Nb5 31. Rxd7+ Rxd7 32. a4 Nc7 33. b5 axb5 34. axb5 Nd5 35. Rc6 Rb7 0-1

[Event "Titled Tuesday intern op 04th Feb Early"]
[Site "Chess.com INT"]
[Date "2025.02.04"]
[Round "4"]
[White "Gottstein, Claudius Thomas"]
[Black "Novak, Ratko"]
[Result "1-0"]
[WhiteElo "2113"]
[BlackElo "2038"]
[PlyCount "55"]
[EventDate "2025.02.04"]
[EventType "swiss (blitz)"]
[EventRounds "11"]
[EventCountry "USA"]
[SourceTitle "CB07_2025"]
[SourceDate "2025.02.12"]
[SourceVersion "1"]
[SourceVersionDate "2025.02.12"]
[SourceQuality "1"]

1. e4 d5 2. exd5 c6 3. d4 cxd5 4. c4 Nc6 5. Nf3 Nf6 6. Nc3 Bg4 7. cxd5 Nxd5 8. Qb3 Bxf3 9. gxf3 e6 10. Qxb7 Nxd4 11. Bb5+ Nxb5 12. Qc6+ Ke7 13. Qc5+ Nd6 14. Nxd5+ exd5 15. 0-0 Qb6 16. Re1+ Kd7 17. Qxd5 Be7 18. Be3 Qc6 19. Qh5 g6 20. Qg4+ f5 21. Qd4 Qxf3 22. Bf4 Rhd8 23. Rad1 Qg4+ 24. Kh1 g5 25. Qa4+ Kc8 26. Rc1+ Kb7 27. Qb4+ Ka6 28. Rc6# 1-0

[Event "Titled Tuesday intern op 04th Feb Early"]
[Site "Chess.com INT"]
[Date "2025.02.04"]
[Round "7"]
[White "Gottstein, Claudius Thomas"]
[Black "Tolmacevs, Artjoms"]
[Result "1-0"]
[WhiteElo "2113"]
[BlackElo "2271"]
[PlyCount "135"]
[EventDate "2025.02.04"]
[EventType "swiss (blitz)"]
[EventRounds "11"]
[EventCountry "USA"]
[SourceTitle "CB07_2025"]
[SourceDate "2025.02.12"]
[SourceVersion "1"]
[SourceVersionDate "2025.02.12"]
[SourceQuality "1"]

1. e4 c5 2. Nf3 d6 3. Bb5+ Bd7 4. Bxd7+ Qxd7 5. c3 Nc6 6. d4 cxd4 7. cxd4 e6 8. Nc3 Nf6 9. 0-0 d5 10. e5 Ne4 11. Ne1 Bb4 12. Nxe4 dxe4 13. Be3 Rd8 14. Nc2 Ba5 15. Qg4 0-0 16. Qxe4 Bb6 17. Rfd1 Qd5 18. Qxd5 Rxd5 19. Kf1 Rfd8 20. Ke2 Nxd4+ 21. Nxd4 Bxd4 22. Bxd4 Rxd4 23. Rxd4 Rxd4 24. Rd1 Rxd1 25. Kxd1 Kf8 26. Kd2 Ke7 27. Kd3 Kd7 28. Kd4 Kc6 29. a4 b5 30. a5 b4 31. Kc4 b3 32. Kxb3 Kb5 33. Kc3 Kxa5 34. Kc4 Kb6 35. f4 Kc6 36. b4 a6 37. g3 h5 38. h3 g6 39. g4 hxg4 40. hxg4 Kb6 41. Kc3 Kb5 42. Kb3 Kc6 43. Kc4 Kb6 44. Kc3 Kb5 45. Kb3 Kb6 46. Kc4 Kc6 47. Kc3 Kd5 48. Kd3 g5 49. Ke3 gxf4+ 50. Kxf4 Kc4 51. Kg5 Kxb4 52. Kf6 Kc5 53. Kxf7 a5 54. g5 a4 55. g6 a3 56. g7 a2 57. g8Q a1Q 58. Qc8+ Kd4 59. Qxe6 Ke4 60. Qg4+ Kd5 61. e6 Qf1+ 62. Ke7 Qa1 63. Qg5+ Kc6 64. Kf7 Qf1+ 65. Qf6 Qh3 66. e7+ Kc7 67. e8Q Qh7+ 68. Kf8 1-0

[Event "Titled Tuesday intern op 24th Sep Early"]
[Site "Chess.com INT"]
[Date "2024.09.24"]
[Round "11"]
[White "Gottstein, Claudius Thomas"]
[Black "Filipovic, Slobodan J"]
[Result "0-1"]
[WhiteElo "2113"]
[BlackElo "2233"]
[PlyCount "96"]
[EventDate "2024.09.24"]
[EventType "swiss (blitz)"]
[EventRounds "11"]
[EventCountry "USA"]
[SourceTitle "EXT 2025"]
[Source "ChessBase"]
[SourceDate "2024.10.14"]
[SourceVersion "1"]
[SourceVersionDate "2024.10.14"]
[SourceQuality "1"]

1. e4 c5 2. Nf3 Nc6 3. Bb5 g5 4. Bxc6 dxc6 5. Nxg5 Nf6 6. d3 Rg8 7. g3 c4 8. Nc3 h6 9. Nf3 cxd3 10. Qxd3 Qxd3 11. cxd3 Bh3 12. Rg1 0-0-0 13. Ne5 Ng4 14. Nxf7 Rxd3 15. Nxh6 Nxh6 16. Bxh6 Bxh6 17. Rd1 Rxd1+ 18. Kxd1 Bg4+ 19. Kc2 Rd8 20. f4 e5 21. Rf1 Bh3 22. Rf2 exf4 23. gxf4 Rg8 24. f5 Rg2 25. Nd1 Kd7 26. Kd3 Kd6 27. Rxg2 Bxg2 28. Ne3 Bxe3 29. Kxe3 Ke5 30. h4 Bxe4 31. f6 Bg6 32. Kf3 Kf5 33. a3 Kxf6 34. Kg4 Ke5 35. Kg5 Bc2 36. h5 b5 37. h6 a5 38. b4 a4 39. Kg4 Kd4 40. Kf4 Be4 41. Kg5 Kc3 42. Kf6 Kb3 43. Ke5 Bh7 44. Kd6 Kxa3 45. Kxc6 Kxb4 46. Kd7 a3 47. Ke7 a2 48. Kf7 a1Q 0-1

[Event "Titled Tuesday intern op 24th Sep Early"]
[Site "Chess.com INT"]
[Date "2024.09.24"]
[Round "7"]
[White "Spyropoulos, Nikolaos"]
[Black "Gottstein, Claudius Thomas"]
[Result "1/2-1/2"]
[WhiteElo "2421"]
[BlackElo "2113"]
[PlyCount "74"]
[EventDate "2024.09.24"]
[EventType "swiss (blitz)"]
[EventRounds "11"]
[EventCountry "USA"]
[SourceTitle "EXT 2025"]
[Source "ChessBase"]
[SourceDate "2024.10.14"]
[SourceVersion "1"]
[SourceVersionDate "2024.10.14"]
[SourceQuality "1"]

1. b3 d5 2. Bb2 Bf5 3. Nf3 e6 4. c4 c6 5. e3 Nf6 6. Be2 Be7 7. 0-0 0-0 8. d4 a5 9. a3 Nbd7 10. Nbd2 Re8 11. Rc1 Bd6 12. Ne5 Ne4 13. Nxe4 Bxe4 14. Nxd7 Qxd7 15. Bd3 Bxd3 16. Qxd3 Qe7 17. a4 Rad8 18. Bc3 Bb4 19. c5 Bxc3 20. Qxc3 Qc7 21. f4 f6 22. Rf3 e5 23. fxe5 fxe5 24. Rcf1 e4 25. Rf4 Rf8 26. b4 axb4 27. Qxb4 Rxf4 28. Rxf4 Rf8 29. Rxf8+ Kxf8 30. a5 Qf7 31. a6 bxa6 32. Qb8+ Qe8 33. Qa7 Qc8 34. h3 h6 35. Kf2 Kg8 36. Ke2 Kh7 37. Kf2 Kg8 1/2-1/2